Už mi dávno není padesát : humorné historky ze života /

Třetí kniha humorných povídek pro ženy, tentokrát po překročení magické hranice půlstoletí.

Uloženo v:
Hlavní autor: Hřebejková, Hana, 1952-2022 (Autor)
Médium: Kniha
Jazyk:Czech
Vydáno: Praha : Euromedia Group, 2026
Vydání:Vydání první
Témata:
Celkem bylo vypůjčeno:0x
Tagy:
Žádné tagy
LEADER 02431nam a2200385 i 4500
001 106224
003 CZ PrNK
005 20260428161014.0
007 ta
008 260417s2026 xr g 000 j cze
015 |a cnb003743845 
020 |a 9788028415396  |q (vázáno) 
040 |a ABG001  |b cze  |e rda 
072 7 |a 821.162.3-3  |x Česká próza  |2 Konspekt  |9 25 
080 |a 821.162.3-32  |2 MRF 
080 |a (0:82-321.5)  |2 MRF 
100 1 |a Hřebejková, Hana,  |d 1952-2022  |7 xx0251945  |4 aut  |9 111597 
245 1 0 |a Už mi dávno není padesát :  |b humorné historky ze života /  |c Hana Hřebejková 
246 3 0 |a Humorné historky ze života 
250 |a Vydání první 
264 1 |a Praha :  |b Euromedia Group,  |c 2026 
300 |a 101 stran ;  |c 20 cm 
336 |a text  |b txt  |2 rdacontent 
337 |a bez média  |b n  |2 rdamedia 
338 |a svazek  |b nc  |2 rdacarrier 
520 2 |a Třetí kniha humorných povídek pro ženy, tentokrát po překročení magické hranice půlstoletí.  |b Po úspěšných sbírkách povídek Ať žijí padesátnice a Padesátka v nouzovém stavu přichází Hana Hřebejková s dalším dílem svých humorných historek ze života. Ze života ženy, která oslavila své padesátiny už před nějakým tím pátkem, ženy, která ráda cestuje, hoduje, zpívá, miluje své děti, vnoučata a přátele a z každé lapálie dokáže vytěžit příhodu, kterou pobaví své blízké. Třeba o tom, zda lze i v pokročilém věku s vášní skládat puzzle v dětském koutku, jak se vydávat za sestru vlastní dcery či jak se vypořádat s hlučným sousedem. S autorkou se vypravíme za humornými historkami na lázeňský pobyt do Františkových Lázní, na zájezd do Alsaska i po památkách naší vlasti. Zavzpomínáme na dobu kovidu i na mladá léta, na trampoty rodinného života, práci v zahraničí a dozvíme se třeba i to, jak najít zvonící mobil zastrčený za gumou vlastních kalhot. Nakladatelská anotace. 
655 7 |a české povídky  |7 fd133971  |2 czenas  |9 54028 
655 7 |a humoristické povídky  |7 fd132428  |2 czenas  |9 53631 
655 9 |a Czech short stories  |2 eczenas 
655 9 |a humorous short stories  |2 eczenas 
710 2 |a Euromedia Group  |7 kn20100114009  |4 pbl  |9 117126 
910 |a UOG502 
942 |2 ddc  |c KN 
999 |d 106224 
993 |0 0  |1 421180106950  |2 ddc  |4 0  |7 0  |9 99567  |b 0  |c 106950  |d 2026-04-28  |e 0  |f DOSP  |h 299.00  |i Koupě  |l DOSP  |r 2026-04-28  |t 6  |w 2026-04-28  |y KN  |z BELET  |n